书目信息 |
| 题名: |
农林英语阅读与翻译
|
|
| 作者: | 李清 编著 | |
| 分册: | ||
| 出版信息: | 合肥 合肥工业大学出版社 2020.9 |
|
| 页数: | 242页 | |
| 开本: | 24cm | |
| 丛书名: | ||
| 单 册: | ||
| 中图分类: | S , S7 | |
| 科图分类: | ||
| 主题词: | 农业--英语--阅读 , 林业--英语--阅读 , 农业--英语--翻译 , 林业--英语--翻译 | |
| 电子资源: | ||
| ISBN: | 978-7-5650-4646-9 | |
| 000 | 01049nam0 2200301 45 | |
| 001 | 012001001921 | |
| 005 | 20140912163114.0 | |
| 010 | @a978-7-5650-4646-9@dCNY39.80 | |
| 100 | @a20210105d2019 em y0chiy50 ea | |
| 101 | 0 | @achi@aeng |
| 102 | @aCN@b340000 | |
| 105 | @ay z 000yy | |
| 106 | @ar | |
| 200 | 1 | @a农林英语阅读与翻译@Anong lin ying yu yue du yu fan yi@b专著@dReading and translation for agriculture and forestry@f李清编著@zeng |
| 210 | @a合肥@c合肥工业大学出版社@d2020.9 | |
| 215 | @a242页@d24cm | |
| 300 | @a并列题名:Reading and translation for agriculture and forestry | |
| 330 | @a本书涵盖农林笔译与口译各方面,包括农业政策、农林科普、国际交流和文化经典四大板块,共十六个单元。 | |
| 510 | 1 | @aReading and translation for agriculture and forestry@zeng |
| 606 | 0 | @a农业@x英语@x阅读 |
| 606 | 0 | @a林业@x英语@x阅读 |
| 606 | 0 | @a农业@x英语@x翻译 |
| 606 | 0 | @a林业@x英语@x翻译 |
| 690 | @aS@v5 | |
| 690 | @aS7@v5 | |
| 701 | 0 | @a李清@Ali qing@4编著 |
| 801 | 0 | @aCN@bBJSDL@c20211011 |
| 905 | @b1337736-9@dS@e173@f4 | |
| 农林英语阅读与翻译=Reading and translation for agriculture and forestry/李清编著.-合肥:合肥工业大学出版社,2020.9 |
| 242页;24cm |
| 并列题名:Reading and translation for agriculture and forestry |
| ISBN 978-7-5650-4646-9:CNY39.80 |
| 本书涵盖农林笔译与口译各方面,包括农业政策、农林科普、国际交流和文化经典四大板块,共十六个单元。 |
| ● |
| 相关链接 |
|
|
|
|
正题名:农林英语阅读与翻译
索取号:S/173
 
预约/预借
| 序号 | 登录号 | 条形码 | 馆藏地/架位号 | 状态 | 备注 |
| 1 | 1337736 | 213377362 | 第二样本阅览室/ [索取号:S/173] | 在馆 | |
| 2 | 1337737 | 213377371 | 第三借阅区/ [索取号:S/173] | 在馆 | |
| 3 | 1337738 | 213377380 | 第三借阅区/ [索取号:S/173] | 在馆 | |
| 4 | 1337739 | 213377399 | 第三借阅区/ [索取号:S/173] | 在馆 |